000 01252nam a22003137a 4500
001 0064998
003 KOHA_MİRAKIL
005 20260207004537.0
007 ta
008 191118b2001 ge |||gr||||#||||0|ger |
020 _a3447043784
040 _aTR-BiSEU
_btur
_cTR-BiSEU
_erda
041 0 _ager
_atur
044 _cge
050 _aBQ8149.H78
_bH82 2001
245 0 _aXuanzangs Leben und werk: die alttürkische Xuanzang-Biographie III :nach der Handschrift von Paris, Peking und St. Petersburg, sowie nach dem Transkript von Annemarie v. Gabain/
_cherausgegeben von Alexander Leonhard Mayer und Klaus Röhrborn, Mehmet Ölmez, Klaus Röhrborn.
264 1 _aWiesbaden :
_bHarrassowitz in Kommission
_c2001
300 _av. ;
_c24 cm.
336 _ametin
_btxt
_2rdacontent
337 _aaracısız
_bn
_2rdamedia
338 _acilt
_bnc
_2rdacarrier
490 0 _aVeröffentlichungen der Societas Uralo-Altaica
500 _aIncludes bibliographical references and index.
650 0 _aXuanzang, approximately 596-664.
_9121291
650 0 _aDa Tang da ci en si Sanzangfashi zhuan.
_9121292
650 0 _aBuddhist priests--China--Biography.
_972768
830 0 _aVeröffentlichungen der Societas Uralo-Altaica
_9121293
942 _2lcc
_cBK
999 _c65249
_d65249